Lebensbilder des sächsischen Adels

Titel: Lebensbilder des sächsischen Adels / Lars-Arne Dannenberg, Matthias Donath (Hrsg.)
Teil: Band 4
Veröffentlicht: Bernstadt a.d. Eigen : Via Regia Verlag, 2019
Umfang: 168 Seiten : Illustrationen ; 24 cm
Format: Buch
Sprache: Deutsch
Schriftenreihe/
mehrbändiges Werk:
Lebensbilder des sächsischen Adels / Lars-Arne Dannenberg, Matthias Donath (Hrsg.) ; Band 4
alle Bände anzeigen
Adel in Sachsen ; Band 12
Schriften der Historischen Kommission des Sächsischen Adels ; Band 2
ISBN: 9783944104300
Buchumschlag
X
alg: 45113830
001A    $06000:25-07-19 
001B    $00004:31-01-20 $t09:11:04.000 
001D    $00004:31-01-20 
001U    $0utf8 
001X    $00 
002@    $0Afu 
002C    $aText $btxt $2rdacontent 
002D    $aohne Hilfsmittel zu benutzen $bn $2rdamedia 
002E    $aBand $bnc $2rdacarrier 
003@    $0451138309 
003O    $01124800680 $aOCoLC 
004A    $A978-3-944104-30-0 $fBroschur 
006G    $01189918609 
006U    $019,A30 $f20190705 
007A    $01189918609 $aDNB 
009P    $qapplication/pdf $A2 $3Inhaltsverzeichnis $uhttp://d-nb.info/1189918609/04 $mB:DE-101 
010@    $ager 
010E    $erda 
011@    $a2019 
017A    $asf 
033A    $pBernstadt a.d. Eigen $nVia Regia Verlag 
034D    $a168 Seiten 
034I    $a24 cm 
034M    $aIllustrationen 
036C    $aLebensbilder des sächsischen Adels $x14 $hLars-Arne Dannenberg, Matthias Donath (Hrsg.) $lBand 4 
036D    $x14 $8Lebensbilder des sächsischen Adels / Lars-Arne Dannenberg ; Matthias Donath (Hrsg.) $9357044010 
036E    $aAdel in Sachsen $lBand 12 
036E/01 $aSchriften der Historischen Kommission des Sächsischen Adels $lBand 2 
045E    $c943 

lok: 45113830 78

exp: 45113830 78 1 #EPN
201B/01 $022-03-24 $t13:50:21.000 
201C/01 $022-03-24 
201U/01 $0utf8 
203@/01 $01258556340 
208@/01 $a22-03-24 $be 
209A/01 $a/ $f000 $x00 
209A/01 $ab*p $x01 
220C/01 $apgar 
247C/01 $82080>Marburg/Lahn, Herder-Institut, Forschungsbibliothek, Bibliographieportal $9336309341 

lok: 45113830 205

exp: 45113830 205 1 #EPN
201B/01 $031-01-20 $t09:11:04.000 
201C/01 $014-11-19 
201U/01 $0utf8 
203@/01 $0107025505X 
208@/01 $a31-01-20 $bz 
209A/01 $aET 2718 d, 12 $ds $f406 $x00 
209B/01 $a80 $x05 
209C/01 $aF 2019/462 
247C/01 $8351406-7 <4/406>Marburg, Universität Marburg, Bibliothek des Hessischen Instituts für Landesgeschichte, Abt. Forschungsstelle für geschichtliche Landeskunde Mitteldeutschlands $9102595453
LEADER 00000cam a2200000 cc4500
001 451138309
003 DE-603
005 20200131091104.0
007 tu
008 190725s2019 xx |||| | u00||u|ger
015 |a 19,A30  |2 dnb 
016 7 |2 DE-101  |a 1189918609 
020 |a 9783944104300  |c Broschur 
035 |a (DE-599)DNB1189918609 
035 |a (OCoLC)1124800680 
040 |a DE-603  |b ger  |c DE-603  |d DE-603  |e rda 
041 |a ger 
084 |a 943  |q DE-101  |2 sdnb 
090 |a b 
245 0 0 |a Lebensbilder des sächsischen Adels  |n Band 4  |c Lars-Arne Dannenberg, Matthias Donath (Hrsg.) 
264 1 |a Bernstadt a.d. Eigen  |b Via Regia Verlag  |c 2019 
300 |a 168 Seiten  |b Illustrationen  |c 24 cm 
336 |a Text  |b txt  |2 rdacontent 
337 |a ohne Hilfsmittel zu benutzen  |b n  |2 rdamedia 
338 |a Band  |b nc  |2 rdacarrier 
490 0 |a Adel in Sachsen  |v Band 12 
490 0 |a Schriften der Historischen Kommission des Sächsischen Adels  |v Band 2 
773 0 8 |q 14  |w (DE-603)357044010 
856 4 2 |m B:DE-101  |q application/pdf  |u http://d-nb.info/1189918609/04  |3 Inhaltsverzeichnis 
924 0 |9 2080  |a (DE-603)1258556340  |b DE-2080  |c HES  |d d  |g / 
924 0 |9 4/406  |a (DE-603)107025505X  |b DE-4-406  |c HES  |d d  |g ET 2718 d, 12